Ramones Member by Role - Statistics

General Stats
  • This quiz has been taken 16 times
  • The average score is 7 of 8
Answer Stats
Role Tenure Member % Correct
Bass/backing vocals 1974-1989 Dee Dee Ramone
100%
Lead vocals 1974-1996 Joey Ramone
100%
Guitar 1974-1996 Johnny Ramone
100%
Bass (2) 1992-1996 C.J. Ramone
89%
Drums (2) 1977-1983/1987-1996 Marky Ramone
89%
Drums 1974-1977 Tommy Ramone
89%
Drums (3) 1983-1987 Richie Ramone
56%
Drums (4) 1987 Elvis Ramone
44%
No matching quizzes found
Score Distribution
Percent of People with Each Score
Percentile by Number Answered
Your Score History
You have not taken this quiz